| 000 | 00000nam 2200000za 4500 |
| 001 | 9.639783 |
| 003 | CaOODSP |
| 005 | 20210624222336 |
| 007 | cr ||||||||||| |
| 008 | 150407s1999 onc|||||o f|0| 0 fre d |
| 040 | |aCaOODSP|bfre |
| 043 | |an-cn--- |
| 086 | 1 |aD82-39/1999F-PDF |
| 245 | 00|aSe préparer non s'inquiéter |h[ressource électronique] : |bvous aussi pouvez vous préparer à affronter les urgences. |
| 260 | |aOttawa : |bBureau de la protection des infrastructures essentielles et de la protection civile, |cc1999. |
| 300 | |a17 p. |
| 500 | |aLe n° de catalogue (D82-39/1999F) et l'ISBN (0-662-83506-9) de l'édition imprimée ont été incorrectement copiés dans l'édition électronique. |
| 590 | |a12-20-Supp|b2012-05-09 |
| 710 | 1 |aCanada.|bBureau de la protection des infrastructures essentielles et de la protection civile. |
| 775 | 08|tBe prepared not scared |w(CaOODSP)9.695650 |
| 776 | 0#|tSe préparer, non s'inquiéter : |w(CaOODSP)9.680673 |
| 794 | |tSe préparer, non s'inquiéter |w(CaOODSP)9.630779 |
| 856 | 40|ahttp://publications.gc.ca|qPDF|s42 Ko|uhttps://publications.gc.ca/collections/Collection/D82-39-1999F.pdf |